000 00625nam a2200241Ia 4500
003 OSt
005 20221007082427.0
006 a|||||r|||| 00| 0
007 ta
008 221006b |||||||| |||| 00| 0 eng d
024 _a28,946
037 _cReports / Technical Reports
040 _aFLL
_cFLL
_beng
041 _2eng
_aeng
082 _aV2974:2.N, L6
110 _aGovt. of Nepal
_9699081
245 0 _aConstitution of Nepal
260 _c1976
300 _av,69p
_ccm.
700 _aGovt. of Nepal
_9699082
942 _hV2974:2.N, L6
_cREP
_2CC
999 _c1166386
_d1166386